00403nam a22001337a 45000050016000000100014000160350013000300370013000430820014000562450031000702600042001012700100001433000026002432010080404204.0 aENG-98127 aEN-81660 bDBAD/PUB a342.73082 aThe emigration act, 1983 / aDelhibUniversal Law Publishingc2010 aC-FF-1A, Dilkhush Industrial Estate,(Opp. Hans Cinema, Azadpur) G.T. Karnal RoadbDelhie110033i aiii, 45p.c24cm (pbk)